Statistics for Least Guessed Books of the Bible

Click here to take the quiz!

General Stats

  • This quiz has been taken 58 times
  • The average score is 6 of 10

Answer Stats

%Book% Correct
41Obadiah
79%
43Habbakkuk
75%
44Amos
73%
36Haggai
62%
39Joel
62%
36Nahum
62%
36Zephaniah
60%
42Zechariah
58%
41Hosea
56%
42Philemon
54%

Score Distribution

Percentile by Number Answered

Percent of People with Each Score

Your Score History

You have not taken this quiz